000
00308nam a22001217a 4500
050
_a
DT433.54
_b
.M9
100
_a
Mwanzi, Henry A.
245
_a
A history of the Kipsigis/
260
_a
Nairobi
_b
East African Literature Bureau
_c
1977
300
_a
xv,171p.
650
_b
A history of the Kipsigis
942
_c
GEN
999
_c
3528
_d
3528